00730cam a2200241 a 45000010008000000030004000080050017000120080041000290100017000700200032000870400025001190500023001440820018001672450091001852600040002763000025003165000020003415040032003616300016003936500027004096500020004367000032004564261367OSt20210108152328.0841231s1985 gau b 001 0 eng  a 84048513  a0804205302 (pbk.) :c$11.95 aDLCcDLCdDLCdOCoLC00aBS538.3b.U84 198500a230/.01/821904aThe Use of the Bible in theology :bevangelical options /cRobert K. Johnston, editor. aAtlanta :bJohn Knox Press,cc1985. aix, 257 p. ;c21 cm. aIncludes index. aBibliography: p. [227]-248.00aBiblexUse. 0aTheologyxMethodology. 0aEvangelicalism.1 aJohnston, Robert K.,d1945-